<?xml version="1.0" encoding="UTF-8"?>
<collection xmlns="http://www.loc.gov/MARC21/slim">
<record>
  <controlfield tag="001">165861</controlfield>
  <controlfield tag="005">20260115140311.0</controlfield>
  <datafield tag="024" ind1="7" ind2=" ">
    <subfield code="2">doi</subfield>
    <subfield code="a">10.1016/j.cireng.2022.06.048</subfield>
  </datafield>
  <datafield tag="024" ind1="8" ind2=" ">
    <subfield code="2">sideral</subfield>
    <subfield code="a">145072</subfield>
  </datafield>
  <datafield tag="037" ind1=" " ind2=" ">
    <subfield code="a">ART-2022-145072</subfield>
  </datafield>
  <datafield tag="041" ind1=" " ind2=" ">
    <subfield code="a">eng</subfield>
  </datafield>
  <datafield tag="100" ind1=" " ind2=" ">
    <subfield code="a">Gómez Hernández, María Teresa</subfield>
  </datafield>
  <datafield tag="245" ind1=" " ind2=" ">
    <subfield code="a">Predictive factors of prolonged postoperative length of stay after anatomic pulmonary resection</subfield>
  </datafield>
  <datafield tag="260" ind1=" " ind2=" ">
    <subfield code="c">2022</subfield>
  </datafield>
  <datafield tag="520" ind1="3" ind2=" ">
    <subfield code="a">Introducción
El objetivo de este estudio es crear un modelo predictivo de estancia postoperatoria prolongada (EPP) en pacientes sometidos a resección pulmonar anatómica, validarlo en una serie externa y evaluar la influencia de la EPP en el reingreso y la mortalidad a 90 días.
Métodos
Se incluyeron todos los pacientes registrados en la base de datos del GE-VATS dados de alta tras la intervención. Definimos la EPP como la permanencia postoperatoria en días por encima del percentil 75 de estancia de todos los pacientes de la serie. Se realizó un análisis univariable y multivariable mediante regresión logística y el modelo fue validado en una cohorte externa. Se analizó la posible asociación entre la EPP y el reingreso y la mortalidad a 90 días.
Resultados
Se incluyeron en el estudio 3473 pacientes. La mediana de estancia postoperatoria fue de 5 días (RIQ: 4–7). 815 pacientes tuvieron una EPP (≥8 días), de los que el 79.9% presentaron complicaciones postoperatorias. El modelo final incluyó como variables: edad, IMC, sexo varón, VEF1%ppo, DLCO%ppo y toracotomía; el AUC en la serie de derivación fue de 0.684 (IC95%: 0,661–0,706) y en la de validación de 0,73 (IC95%: 0,681–0,78). Se encontró una asociación significativa entre la EPP y el reingreso (p &lt; 0,000) y la mortalidad a 90 días (p &lt; 0,000).
Conclusiones
Las variables edad, IMC, sexo varón, VEF1%ppo, DLCO%ppo y toracotomía afectan a la EPP. La EPP se asocia con un incremento del riesgo de reingreso y mortalidad a 90 días. El 20% de las EPP no se relacionan con la ocurrencia de complicaciones postoperatorias.</subfield>
  </datafield>
  <datafield tag="506" ind1="0" ind2=" ">
    <subfield code="a">Access copy available to the general public</subfield>
    <subfield code="f">Unrestricted</subfield>
  </datafield>
  <datafield tag="540" ind1=" " ind2=" ">
    <subfield code="9">info:eu-repo/semantics/openAccess</subfield>
    <subfield code="a">by-nc-nd</subfield>
    <subfield code="u">https://creativecommons.org/licenses/by-nc-nd/4.0/deed.es</subfield>
  </datafield>
  <datafield tag="655" ind1=" " ind2="4">
    <subfield code="a">info:eu-repo/semantics/article</subfield>
    <subfield code="v">info:eu-repo/semantics/acceptedVersion</subfield>
  </datafield>
  <datafield tag="700" ind1=" " ind2=" ">
    <subfield code="a">Novoa Valentín, Nuria M.</subfield>
  </datafield>
  <datafield tag="700" ind1=" " ind2=" ">
    <subfield code="a">Embún Flor, Raúl</subfield>
    <subfield code="u">Universidad de Zaragoza</subfield>
    <subfield code="0">(orcid)0000-0003-0249-3104</subfield>
  </datafield>
  <datafield tag="700" ind1=" " ind2=" ">
    <subfield code="a">Varela Simó, Gonzalo</subfield>
  </datafield>
  <datafield tag="700" ind1=" " ind2=" ">
    <subfield code="a">Jiménez López, Marcelo F.</subfield>
  </datafield>
  <datafield tag="700" ind1=" " ind2=" ">
    <subfield code="a">Grupo Español de Cirugía Torácica Videoasistida (GEVATS)</subfield>
  </datafield>
  <datafield tag="710" ind1="2" ind2=" ">
    <subfield code="1">1013</subfield>
    <subfield code="2">090</subfield>
    <subfield code="a">Universidad de Zaragoza</subfield>
    <subfield code="b">Dpto. Cirugía</subfield>
    <subfield code="c">Área Cirugía</subfield>
  </datafield>
  <datafield tag="773" ind1=" " ind2=" ">
    <subfield code="g">101, 1 (2022), 43-50</subfield>
    <subfield code="p">Cir. esp. (Engl. ed.)</subfield>
    <subfield code="t">Cirugía Española (English Ed.)</subfield>
    <subfield code="x">2173-5077</subfield>
  </datafield>
  <datafield tag="856" ind1="4" ind2=" ">
    <subfield code="s">1540101</subfield>
    <subfield code="u">http://zaguan.unizar.es/record/165861/files/texto_completo.pdf</subfield>
    <subfield code="y">Postprint</subfield>
  </datafield>
  <datafield tag="856" ind1="4" ind2=" ">
    <subfield code="s">1498494</subfield>
    <subfield code="u">http://zaguan.unizar.es/record/165861/files/texto_completo.jpg?subformat=icon</subfield>
    <subfield code="x">icon</subfield>
    <subfield code="y">Postprint</subfield>
  </datafield>
  <datafield tag="909" ind1="C" ind2="O">
    <subfield code="o">oai:zaguan.unizar.es:165861</subfield>
    <subfield code="p">articulos</subfield>
    <subfield code="p">driver</subfield>
  </datafield>
  <datafield tag="951" ind1=" " ind2=" ">
    <subfield code="a">2026-01-15-12:36:52</subfield>
  </datafield>
  <datafield tag="980" ind1=" " ind2=" ">
    <subfield code="a">ARTICLE</subfield>
  </datafield>
</record>
</collection>